Тезисы докладов... [13]: ...секции методики преподавания иностранных языков в неязыковых вузах (Запись № 6693251)

Подробности
000 -МАРКЕР
контрольное поле 01515nam2a22002771 4500
001 - ИДЕНТИФИКАТОР ЗАПИСИ
контрольное поле rc\3282951
005 - ИДЕНТИФИКАТОР ВЕРСИИ
контрольное поле 20250609173328.0
021 ## - НОМЕР ГОСУДАРСТВЕННОЙ РЕГИСТРАЦИИ
Код страны Российская Федерация
Номер 74-16840
021 ## - НОМЕР ГОСУДАРСТВЕННОЙ РЕГИСТРАЦИИ
Код страны Российская Федерация
Номер 74-16839
021 ## - НОМЕР ГОСУДАРСТВЕННОЙ РЕГИСТРАЦИИ
Код страны Российская Федерация
Номер Рг3291-74
021 ## - НОМЕР ГОСУДАРСТВЕННОЙ РЕГИСТРАЦИИ
Код страны Российская Федерация
Номер 74-16837
035 ## - ДРУГИЕ СИСТЕМНЫЕ НОМЕРА
Идентификатор записи (NLR Aleph) 007399120
100 ## - ДАННЫЕ ОБЩЕЙ ОБРАБОТКИ
Данные общей обработки 20130115d1974 |||y0rusy50 ca
101 0# - ЯЗЫК РЕСУРСА
Язык текста, звукозаписи и т.д. русский
102 ## - СТРАНА ПУБЛИКАЦИИ ИЛИ ПРОИЗВОДСТВА
Страна публикации Российская Федерация
105 ## - ПОЛЕ КОДИРОВАННЫХ ДАННЫХ: ТЕКСТОВЫЕ МАТЕРИАЛЫ, МОНОГРАФИЧЕСКИЕ
Кодированные данные о монографическом текстовом документе y z |||||
200 1# - ЗАГЛАВИЕ И СВЕДЕНИЯ ОБ ОТВЕТСТВЕННОСТИ
Основное заглавие ...секции методики преподавания иностранных языков в неязыковых вузах
210 ## - ПУБЛИКАЦИЯ, РАСПРОСТРАНЕНИЕ И ДР.
Дата издания, распространения и т.д. 1974
Место издания, распространения и т.д. Б. м.
215 ## - ФИЗИЧЕСКАЯ ХАРАКТЕРИСТИКА
Специфическое обозначение материала и объем 40 с.
461 #0 - УРОВЕНЬ НАБОРА
Встроенное поле 001rc\3282941
-- 2001#$aТезисы докладов...$fМ-во высш. и сред. спец. образ. РСФСР. Уральск. политехн. ин-т им. С.М. Кирова. Четвертая учеб.-метод. конф. ... (12-14 февр. 1974 г.)$v[13]
Системный номер (АБИС) связанной записи 6693159
Автор Уральский политехнический институт им. С. М. Кирова (Свердловск). Учебно-методическая конференция (4 ; 1974)
Место публикации Свердловск
Дата публикации 1974
Первые сведения об ответственности М-во высш. и сред. спец. образ. РСФСР. Уральск. политехн. ин-т им. С.М. Кирова. Четвертая учеб.-метод. конф. ... (12-14 февр. 1974 г.)
Имя издателя, распространителя и т.д. Б. и.
Заглавие Тезисы докладов...
Номер тома [13]
801 #0 - ИСТОЧНИК ЗАПИСИ
Страна Российская Федерация
Организация NLR
Правила каталогизации psbo
801 #1 - ИСТОЧНИК ЗАПИСИ
Страна Российская Федерация
Организация ELAR
Источник данных rusmarc
852 ## - МЕСТОНАХОЖДЕНИЕ И ШИФР ХРАНЕНИЯ
Идентификатор организации NLR
Шифр хранения (Call Number) 73-4/46556
942 ## - ДОПОЛНИТЕЛЬНЫЕ ЭЛЕМЕНТЫ ЗАПИСИ (АБИС)
Тип экземпляра АБИС Книга
980 ## - КОЛЛЕКЦИЯ
Название коллекции Национальная библиография
Экземпляры
Тип экземпляра Дата поступления Библиотека постоянного хранения Библиотека текущего хранения Место хранения Шифр хранения Штрих-код Статус экземпляра
Книга 26.10.2013 РНБ (Московский) РНБ (Московский) Русский книжный фонд: издания с 1957 года 73-4/46556 7399120-10